| 000 | 00000nam 2200000zi 4500 |
| 001 | 9.946733 |
| 003 | CaOODSP |
| 005 | 20250303103444 |
| 006 | m o d f |
| 007 | cr |n||||||||| |
| 008 | 250110s1955 oncad o f000 0 eng d |
| 040 | |aCaOODSP|beng|erda|cCaOODSP |
| 043 | |an-cn-sn |
| 086 | 1 |aA52-214/1955E-PDF |
| 086 | 1 |zA51-142E-PDF |
| 100 | 1 |aWilson, H. E., |eauthor. |
| 245 | 10|aExperimental Station, Melfort, Saskatchewan : |bprogress report, 1947--1953 / |cH. E. Wilson. |
| 264 | 1|aOttawa, Canada : |bMinister of Agriculture, |c[1955] |
| 300 | |a1 online resource (57 pages) : |billustrations, charts |
| 336 | |atext|btxt|2rdacontent |
| 337 | |acomputer|bc|2rdamedia |
| 338 | |aonline resource|bcr|2rdacarrier |
| 500 | |aDigitized edition from print [provided by Agriculture and Agri-Food Canada]. |
| 610 | 15|aCanada. |bDept. of Agriculture. |bExperimental Station (Melfort, Sask.). |
| 610 | 15|aCanada. |bMinistè€re de l'agriculture. |bStation de recherches (Melfort, Sask.) |
| 650 | 0|aAgricultural experiment stations|zSaskatchewan|zMelfort. |
| 650 | 6|aStations agronomiques|zSaskatchewan|zMelfort. |
| 710 | 1 |aCanada. |bDept. of Agriculture. |bExperimental Station (Melfort, Sask.), |eissuing body. |
| 710 | 1 |aCanada. |bExperimental Farms Service, |eissuing body. |
| 856 | 40|qPDF|s8.18 MB|uhttps://publications.gc.ca/collections/collection_2025/aac-aafc/A51-142-1953-eng.pdf |
| 986 | |a6M—19413—11-54 |